| 000 | 01192cam a2200301 a 4500 | ||
|---|---|---|---|
| 999 |
_c1138 _d1138 |
||
| 001 | 15862836 | ||
| 005 | 20170601121553.0 | ||
| 008 | 090811s2009 rh a b 000 0 eng | ||
| 010 | _a 2009334406 | ||
| 020 | _a9781779220721 | ||
| 040 |
_aDLC _cDLC _dDLC |
||
| 042 | _apcc | ||
| 043 | _afs----- | ||
| 050 | 0 | 0 |
_aHC900.Z65 _bB49 2009 |
| 245 | 0 | 0 |
_aBeyond proprietorship : _bMurphrees's laws on community-based natural resources management in southern Africa / _cedited by B.B. Mukamuri, J.M. Manjengwa & S. Anstey. |
| 260 |
_aAvondale, Harare : _bWeaver Press, _cc2009. |
||
| 300 |
_avii, 202 p. : _bill. ; _c22 cm. |
||
| 504 | _aIncludes bibliographical references. | ||
| 650 | 0 |
_aNatural resources, Communal _zAfrica, Southern _xManagement. _931939 |
|
| 650 | 0 |
_aNatural resources, Communal _zZimbabwe _xManagement. _931940 |
|
| 650 | 0 |
_aCommunity-based conservation _zAfrica, Southern. _931941 |
|
| 700 | 1 |
_aMukamuri, Billy B. _931942 |
|
| 700 | 1 |
_aManjengwa, J. M. _913256 |
|
| 700 | 1 |
_aAnstey, Simon. _931943 |
|
| 906 |
_a7 _bcbc _corigode _d3 _encip _f20 _gy-gencatlg |
||
| 942 |
_2lcc _cMONOGRAPH |
||